[Event "IND-ch U19"]
[Site "Dindigul"]
[Date "2015.07.23"]
[Round "1"]
[White "Karan, Ranveer"]
[Black "Karthikeyan, Murali"]
[Result "0-1"]
[WhiteElo "1858"]
[BlackElo "2509"]
[PlyCount "80"]
[EventDate "2015.07.23"]
[EventType "swiss"]
[EventRounds "11"]
[EventCountry "IND"]
[SourceTitle "EXT 2016"]
[Source "ChessBase"]
[SourceDate "2015.10.08"]
[SourceVersion "1"]
[SourceVersionDate "2015.10.08"]
[SourceQuality "1"]

1. e4 c5 2. Nf3 e6 3. c3 Nf6 4. e5 Nd5 5. Bc4 d6 6. 0-0 dxe5 7. Nxe5 Bd6 8. d4 0-0 9. Bd3 cxd4 10. cxd4 Nd7 11. Nc3 Nxc3 12. bxc3 Qc7 13. Nxd7 Bxd7 14. Qh5 g6 15. Qh4 Qxc3 16. Bh6 Rfe8 17. Qf6 Bf8 18. Bxf8 Rxf8 19. Be4 Bc6 20. Rac1 Qa5 21. Bxc6 bxc6 22. Rc2 Rad8 23. Rfc1 Qa4 24. Rc4 Qxa2 25. Rxc6 Qd2 26. Rc7 Rxd4 27. g3 Rd7 28. Rc8 Rdd8 29. R8c7 a5 30. Ra1 Rd5 31. Rf1 a4 32. Qa1 Qa5 33. Rfc1 a3 34. R7c3 a2 35. R3c2 Rd2 36. Kg2 Qd5+ 37. Kg1 Rxc2 38. Rxc2 Ra8 39. Rc1 e5 40. Rd1 Qxd1+ 0-1